00463nam a2200181Ia 4500003000400000005001700004008004100021020001800062040000700080041000800087082001900095100002300114245006700137250000600204260004300210300001500253365001300268OSt20230612105931.0210423s2012 xx 000 0 und d a9788122433234 cAL aeng a515.6 JAIM223 aJAIN (M K);others. aNumerical mathods: for scientific and engineering computation. a6 aNew DelhibNew Age Internationalc2012 axi,722bPB b395cINR